00657nam a2200205Ia 4500952013000000999001700130003000400147005001700151008004100168020001800209040000900227082001900236100002500255245005900280250001200339260003200351300001000383650001400393942004400407 00102ddc40708LITaMESbMEScMALd2019-02-20g595.00l0o894.81 SPAD/Tp40473r2019-02-20 00:00:00w2019-02-20yBKzGR36R4 c30174d30174OSt20210112134216.0190216s9999||||xx |||||||||||||| ||und|| a9788126405275 coclc a894.81bSPAD/T aPadmanabhan, T97032 0aT. Padmanabhante Kathakal Sampoornam /cT Padmanabhan  a6th Ed. bDc Books,c2014.aKottayam: a1022p aMalayalam cBK2ddch894.81iSPAD/Tk894.81mSPAD/T